000 00791nam a22002177a 4500
999 _c9970
_d9970
003 AR-CdUCM
008 190329b ||||| |||| 00| 0 eng d
040 _aMUNICIPALIDAD PROVINCIAL DEL CUSCO
_cBIBLIOTECA MUNICIPAL DEL CUSCO
082 _aEP / 800 /
_bL59
245 _aLibros de caballería /
260 _aBarcelona :
_bEditorial Mateu,
_c1961.
300 _a255 páginas ;
_c19 cm.
440 _aColección clásicos Cadete
_926535
505 _aContenido: Amadís de Gaula -- El caballero Cifar -- Oliveros de Castilla y Artús de Algarre.
650 _aTextos escolares
_94527
650 _aLibros de lectura precoz
_926536
650 _aObras maestras
_915062
700 _aGutierrez, Fernando (traducción, adaptación y prólogo)
_926537
942 _2ddc
_cLIBROS
945 _adavv